Normal view
MARC view
Entry Topical Term
001 - CONTROL NUMBER
- control field: 5003
003 - CONTROL NUMBER IDENTIFIER
- control field: BD-RjUL
005 - DATE AND TIME OF LATEST TRANSACTION
- control field: 20220926115340.0
008 - FIXED-LENGTH DATA ELEMENTS
- fixed length control field: 220926|| aca||aabn | a|a d
040 ## - CATALOGING SOURCE
- Original cataloging agency: BD-RjUL
- Transcribing agency: BD-RjUL
150 ## - HEADING--TOPICAL TERM
- Topical term or geographic name entry element: Magnetohydrodynamics
670 ## - SOURCE DATA FOUND
- Source citation: Work cat.: (BD-RjUL)80434: Khatun, Sabira 5002, HYDROMAGNETIC STABILITY OF STRATIFIED FLUID :, 1993